[Event "Wellington Club Championship - A Grade"]
[Site "Wellington Chess Club"]
[Date "2023.11.23"]
[Round "9.1"]
[White "Archer, Ollie"]
[Black "Winsley, Nicholas"]
[Result "1-0"]
[WhiteElo "2158"]
[BlackElo "2061"]

1. d4 Nf6 2. c4 e6 3. Nc3 Bb4 4. f3 d5 5. a3 Bxc3+ 6. bxc3 O-O 7. cxd5 exd5 8.
e3 b6 9. Bd3 Nh5 10. Ne2 Qh4+ 11. g3 Qh3 12. Kf2 c5 13. g4 Nf6 14. Nf4 Qh4+ 15.
Kg1 h5 16. Ng2 Qh3 17. g5 Nh7 18. Nf4 Qh4 19. Ng2 Qxg5 20. e4 Qf6 21. e5 Qd8
22. f4 Bg4 23. Qf1 f6 24. h3 Bc8 25. Qf3 fxe5 26. Bxh7+ Kxh7 27. Qxh5+ Kg8 28.
fxe5 Bf5 29. Bg5 Qc7 30. Kh2 cxd4 31. cxd4 Qc3 32. Bf6 Qxh3+ 33. Qxh3 Bxh3 34.
Kxh3 gxf6 35. e6 Kg7 36. Rag1 Rh8+ 37. Nh4+ Kf8 38. Kg4 Rg8+ 39. Kf5 Nc6 40.
Kxf6 Ne7 41. Nf5 Rxg1 42. Rxg1 Nxf5 43. Kxf5 Ke7 44. Ke5 1-0

[Event "Wellington Club Championship - A Grade"]
[Site "Wellington Chess Club"]
[Date "2023.11.23"]
[Round "9.2"]
[White "van der Hoorn, Thomas"]
[Black "Winter, Ryan"]
[Result "0-1"]
[WhiteElo "2138"]
[BlackElo "2256"]

1. e4 c6 2. Nf3 d5 3. Nc3 dxe4 4. Nxe4 Nd7 5. Bc4 Ngf6 6. Qe2 Nxe4 7. Qxe4 Nf6
8. Ne5 e6 9. Qe2 Bd6 10. d3 Qa5+ 11. c3 Qxe5 12. Be3 Qh5 13. Qd2 Bd7 14. d4 Qa5
15. h3 Qc7 16. Bd3 Nd5 17. O-O-O c5 18. Kb1 O-O-O 19. Rhe1 Kb8 20. Qc2 h6 21.
a3 Rhe8 22. c4 Nf6 23. g3 cxd4 24. Bxd4 e5 25. Be3 Bc5 26. b4 Bxe3 27. Rxe3
Bxh3 28. Rde1 e4 29. Be2 Rd4 30. c5 Red8 0-1

[Event "Wellington Club Championship - A Grade"]
[Site "Wellington Chess Club"]
[Date "2023.11.23"]
[Round "9.3"]
[White "Timergazi, Layla"]
[Black "Dive, Russell"]
[Result "1-0"]
[WhiteElo "2137"]
[BlackElo "2327"]

1. d4 c5 2. d5 e5 3. Nc3 d6 4. e4 Be7 5. Bd3 Bg5 6. Nge2 Bxc1 7. Qxc1 Nh6 8.
O-O O-O 9. f4 exf4 10. Qxf4 a6 11. a4 Qc7 12. Ng3 Nd7 13. Nh5 f6 14. Qg3 Rf7
15. e5 Nxe5 16. Nxf6+ Kh8 17. Nfe4 c4 18. Rxf7 Nhxf7 19. Be2 Bf5 20. Rf1 Bg6
21. h4 h6 22. h5 Bh7 23. Bg4 Nxg4 24. Qxg4 Re8 25. Rf4 Ne5 26. Qg3 b5 27. axb5
Bxe4 28. Nxe4 axb5 29. Qf2 Kg8 30. Qg3 Ra8 31. Rf6 Ra1+ 32. Kh2 Qd7 33. Re6 Kh8
34. Qf4 Nf7 35. Nxd6 Nxd6 36. Rxd6 Qe8 37. Qf5 Rf1 38. Qxf1 Qe5+ 39. Kg1 Qxd6
40. Qf7 Qe5 41. c3 Qe1+ 42. Qf1 Qd2 43. Qf8+ Kh7 44. Qf3 Qe1+ 45. Kh2 Qe5+ 46.
Kh3 Kg8 47. g3 Qg5 48. d6 Qd2 49. Qa8+ Kf7 50. Qb7+ Kg8 51. Qc8+ Kh7 52. Qf5+
Kg8 53. Qe6+ Kh7 54. d7 Qd1 55. Qe4+ Kg8 56. Qe8+ Kh7 57. d8=Q 1-0

[Event "Wellington Club Championship - A Grade"]
[Site "Wellington Chess Club"]
[Date "2023.11.23"]
[Round "9.4"]
[White "Langford, Josh"]
[Black "Ker, Anthony"]
[Result "0-1"]
[WhiteElo "2137"]
[BlackElo "2399"]

1. e4 c5 2. Nf3 g6 3. d4 cxd4 4. Nxd4 Nc6 5. c4 Nf6 6. Nc3 d6 7. Be2 Nxd4 8.
Qxd4 Bg7 9. O-O O-O 10. Qd3 Be6 11. Be3 Nd7 12. b3 Nc5 13. Qc2 a5 14. Rad1 Qc7
15. Bd4 b6 16. Bxg7 Kxg7 17. f4 f6 18. Nd5 Qb7 19. Bf3 Bxd5 20. Rxd5 Qc7 21.
Re1 e5 22. f5 Rfd8 23. Red1 g5 24. Qd2 Nb7 25. Be2 Rd7 26. h4 h6 27. Qe3 Qd8
28. Qf3 Qe7 29. Kf2 Nc5 30. Ke3 Rad8 31. Rh1 Rh8 32. Rdd1 Na6 33. hxg5 fxg5 34.
Kf2 Nb4 35. Qe3 Qd8 36. Rd2 Nc6 37. Bh5 Nd4 38. Rxd4 exd4 39. Qxd4+ Qf6 40.
Qxb6 Qb2+ 41. Kf3 Qe5 42. g3 a4 43. Qc6 Re7 44. Rd1 Rd8 45. Qd5 axb3 46. axb3
Rb8 47. Rd3 Qxd5 48. exd5 Reb7 49. g4 Rxb3 50. Ke4 Kf6 51. Rxb3 Rxb3 52. Kd4
Rb1 53. Ke4 Rf1 54. Kd4 Rf4+ 55. Kd3 Ke5 56. Kc3 Rf3+ 57. Kb4 Kd4 58. Kb5 Ke5
59. Kc6 Rc3 60. Kb5 Rc1 61. Bg6 Rb1+ 62. Ka5 Rb8 63. Bf7 Kd4 64. Be6 Kc5 65.
Ka6 h5 66. gxh5 g4 67. h6 g3 68. h7 Rh8 69. Bg8 g2 70. f6 g1=Q 71. f7 Qb1 72.
Ka7 Rxh7 0-1

[Event "Wellington Club Championship - A Grade"]
[Site "Wellington Chess Club"]
[Date "2023.11.23"]
[Round "9.5"]
[White "Young, Cohen"]
[Black "Croad, Nicolas"]
[Result "1/2-1/2"]
[WhiteElo "2099"]
[BlackElo "2423"]
[Annotator "C. Young"]
[PlyCount "76"]
[EventDate "2023.??.??"]

1. e4 e5 2. Nf3 Nc6 3. Bb5 a6 4. Ba4 Nf6 5. O-O Be7 6. Re1 b5 7. Bb3 d6 { I was
expecting Nic to go for 7...O-O, after which I was prepared to go into the a4
anti-marshall } 8. c3 O-O 9. h3 Nb8 { But okay instead he's playing the Breyer
} 10. d4 Nbd7 11. Nbd2 Bb7 12. Bc2 Re8 (12... c5 13. d5 c4 14. Nf1 Qc7 15. Ng3
g6 16. Bh6 Rfb8 17. Qd2 a5 18. a3) 13. Nf1 Bf8 14. Ng3 g6 15. b3 { I could
remember that the 4 moves that are good for white here are 15.a4, 15.b3,
15.Bg5, and 15.Bd2. I have played Bd2 almost exclusively online, but I decided
in this game to play b3 because I suspected Nic might be prepared in Bd2. }
15... Bg7 16. Bb2 exd4 17. cxd4 c5 18. e5 { This is one of a variety of
options, aiming to force the knight to the d5 square where it could potentially
be pinned. This also wins control of the d6 square, which is useful. } 18...
dxe5 19. dxe5 Nd5 20. Ne4 { I had to decide between Be4 and Ne4, but for some
reason I miscalculated and thought Nic could take on e5 if I played Be4. Ne4 is
fine too though because it targets the weak d6 square. }  (20. Be4 Nxe5 21.
Nxe5 Bxe5 22. Bxd5 Bxb2) 20... Nb4 { Nb4 is a strong move, aiming to meet Nd6
with Bxf3 where whites light square bishop is hanging in the end. } 21. a3 { a3
is the safe option, aiming to get rid of blacks knight and further target the
c5 pawn. }  (21. Nd6 Bxf3 22. Qxf3 Nxc2 { Myself and Nic both thought Nxc2 was
both possible and winning for black, but turns out there's a crazy forcing
sequence for white to win. } 23. Qxf7+ Kh8 24. e6 Bxb2 25. Nxe8 Qxe8 26. Qxe8+
Rxe8 27. exd7 $18) 21... Nxc2 22. Qxc2 Nxe5 { this just leads to a massive
trade leading to an equal endgame. } 23. Nxe5 Bxe5 24. Bxe5 Rxe5 25. Nxc5 Qc7 {
a tricky move aiming to keep winning chances for black by keeping the bishop on
the board which can help target whites slightly weak kingside. } 26. Rxe5 Qxe5
27. Rf1 { important move } 27... Rc8 28. b4 a5 (28... Qg5 { the importance of
Rf1 is shown here as f3 can be played, and checkmate is defended while the f3
pawn is also protected. } 29. f3) 29. Qd2 Qd5 30. Qxd5 Bxd5 31. Nd7 Bc4 32. Nb6
{ draw offered and accepted } 1/2-1/2

[Event "Wellington Club Championship - A Grade"]
[Site "Wellington Chess Club"]
[Date "2023.11.30"]
[Round "1.5"]
[White "Ker, Anthony"]
[Black "Dive, Russell"]
[Result "1-0"]
[WhiteElo "2399"]
[BlackElo "2327"]
[PlyCount "37"]
[EventDate "2023.09.26"]

1. e4
e5 2. d4 exd4 3. Nf3 d5 4. Qxd4 dxe4 5. Qxd8+ Kxd8 6. Ng5 Nh6 7. Nxe4 Bb4+ 8.
Nbc3 Re8 9. Bg5+ Be7 10. O-O-O+ Bd7 11. Bc4 f6 12. Bxh6 gxh6 13. Nd5 f5 14.
Nef6 Bxf6 15. Nxf6 Re7 16. Rd3 Nc6 17. f4 Na5 18. Bg8 Rg7 19. Re1 1-0

[Event "Wellington Club Championship - A Grade"]
[Site "Wellington Chess Club"]
[Date "2023.11.30"]
[Round "2.5"]
[White "Archer, Ollie"]
[Black "van der Hoorn, Thomas"]
[Result "1-0"]
[WhiteElo "2158"]
[BlackElo "2138"]

1. d4 Nf6 2. c4 e6 3. Nf3 d5 4. Nc3 Bb4 5. Bg5 dxc4 6. e4 b5 7. e5 h6 8. exf6
hxg5 9. fxg7 Rg8 10. h4 gxh4 11. Rxh4 Qf6 12. g3 Qxg7 13. Bg2 Bb7 14. Kf1 a6
15. a4 Nd7 16. axb5 Bxc3 17. bxc3 axb5 18. Rxa8+ Bxa8 19. Qa1 Bd5 20. Qa5 c6
21. Nh2 Qg6 22. Bxd5 exd5 23. Kg2 Qf6 24. Nf3 Ke7 25. Rh1 Qd6 26. Nh4 Kf6 27.
Qa2 Qf4 28. Nf3 Nb6 29. Rh4 Qc7 30. Qe2 Kg7 31. Ne5 Kf8 32. Rf4 Rg7 33. Qh5 Kg8
34. Rh4 Kf8 35. Qh6 Nc8 36. Rg4 f5 37. Qh8+ 1-0

[Event "Wellington Club Championship - A Grade"]
[Site "Wellington Chess Club"]
[Date "2023.11.30"]
[Round "4.3"]
[White "Winter, Ryan"]
[Black "Young, Cohen"]
[Result "0-1"]
[WhiteElo "2256"]
[BlackElo "2099"]
[PlyCount "80"]
[EventDate "2023.09.26"]

1. e4 c5 2. Nf3 d6 3. d4 cxd4 4. Nxd4 Nf6 5. Nc3
Nc6 6. h3 e5 7. Nde2 Be6 8. g4 d5 9. exd5 Nxd5 10. Bd2 h5 11. g5 Be7 12. Ne4 f5
13. gxf6 gxf6 14. Bg2 f5 15. N4c3 h4 16. Rg1 Qd7 17. Nxd5 Bxd5 18. Bc3 Bxg2 19.
Qxd7+ Kxd7 20. Rxg2 Rhg8 21. O-O-O+ Ke6 22. Rdg1 Rxg2 23. Rxg2 Rd8 24. Ng1 f4
25. a3 e4 26. Rg4 Kf5 27. Ne2 Bg5 28. Bd2 Rxd2 29. Kxd2 f3+ 30. Rxg5+ Kxg5 31.
Nc3 Kf4 32. Nd5+ Ke5 33. Ne3 Nd4 34. Nd1 Kf4 35. Nc3 Ne6 36. Nd5+ Ke5 37. Nc3
Nf4 38. Ke3 Ng2+ 39. Kd2 a6 40. a4 Kd4 0-1

[Event "Wellington Club Championship - A Grade"]
[Site "Wellington Chess Club"]
[Date "2023.11.30"]
[Round "6.1"]
[White "Winsley, Nicholas"]
[Black "Langford, Josh"]
[Result "0-1"]
[WhiteElo "2061"]
[BlackElo "2137"]

1. d4 d5 2. c4 e6 3. Nc3 a6 4. Nf3 dxc4 5. a4 Nc6 6. e3 Na5 7. Nd2 Nf6 8. Nxc4
c5 9. Nxa5 Qxa5 10. dxc5 Bxc5 11. Bd2 Qd8 12. Qf3 O-O 13. Be2 Bd7 14. e4 Bc6
15. Rd1 Qc7 16. O-O Rad8 17. Bf4 Qa5 18. Rxd8 Rxd8 19. Qg3 Ne8 20. e5 Qb4 21.
Bg5 Rd7 22. Bd3 Qxb2 23. Be4 Bd4 24. Bxc6 bxc6 25. Nd1 Qe2 26. Ne3 Kh8 27. Ng4
Bc5 28. Qb3 Ba7 29. Ne3 h6 30. Bf4 Rd3 31. Qb1 g5 32. Re1 Rb3 33. Qc1 Qb2 34.
Qxc6 gxf4 35. Qxe8+ Kg7 36. Nd1 Qd2 37. Rf1 Bd4 38. Qa8 Bxe5 39. Qxa6 Rb1 40.
Ne3 fxe3 41. Rxb1 Qxf2+ 42. Kh1 e2 0-1

[Event "Wellington Club Championship - A Grade"]
[Site "Wellington Chess Club"]
[Date "2023.12.06"]
[Round "4.4"]
[White "Archer, Ollie"]
[Black "Langford, Josh"]
[Result "0-1"]
[WhiteElo "2158"]
[BlackElo "2137"]

1. d4 d5 2. c4 e6 3. Nc3 a6 4. cxd5 exd5 5. Nf3 c6 6. e4 dxe4 7. Ng5 Be7 8. Bc4
Bxg5 9. Qh5 g6 10. Qxg5 Qxg5 11. Bxg5 Bf5 12. O-O h6 13. Bf4 Nf6 14. f3 e3 15.
Rae1 O-O 16. g4 Be6 17. Bxe6 fxe6 18. Bxh6 Re8 19. Rxe3 Nd5 20. Re2 Nxc3 21.
bxc3 Nd7 22. Rfe1 Kf7 23. Bf4 Nf6 24. Be5 Nd5 25. c4 Ne7 26. c5 Nd5 27. Rb2 Re7
28. Bd6 Rd7 29. Reb1 b5 30. Re1 a5 31. Rbe2 Re8 32. h4 b4 33. Re5 a4 34. h5 b3
35. axb3 axb3 36. f4 b2 37. hxg6+ Kxg6 38. Rg5+ Kf7 39. Kf2 Rb7 40. Rh1 b1=Q
41. Rxb1 Rxb1 42. f5 Rb2+ 43. Kg3 Rb3+ 44. Kf2 Ra8 45. fxe6+ Kxe6 46. Re5+ Kf7
47. Re2 Raa3 48. g5 Kg6 49. Re6+ Kxg5 50. Re5+ Kg6 51. Re2 Rc3 52. Kg2 Rc2 53.
Rxc2 Ne3+ 54. Kf3 Nxc2+ 55. Ke4 Re3+ 56. Kf4 Re8 57. Be5 Rd8 58. Ke4 Kf7 59.
Bd6 Ke6 60. Be5 Nb4 61. Bc7 Rh8 62. Be5 Rh4+ 63. Ke3 Kd5 64. Bf6 Rxd4 65. Bxd4
Nc2+ 66. Kd3 Nxd4 67. Kc3 Kxc5 0-1

[Event "Wellington Club Championship - A Grade"]
[Site "Wellington Chess Club"]
[Date "2023.12.06"]
[Round "5.4"]
[White "van der Hoorn, Thomas"]
[Black "Young, Cohen"]
[Result "0-1"]
[WhiteElo "2138"]
[BlackElo "2099"]
[Annotator "Cohen Young"]
[PlyCount "90"]
[EventDate "2023.??.??"]

1. e4 e6 {My french debut in OTB chess} 2. d4 d5 3. Nc3 Nf6 4. e5 Nfd7
5. f4 c5 6. Nf3 Nc6 7. Be3 a6 8. Qd2 Be7 9. O-O-O c4 {prep already gone very
right} 10. f5 b5 11. fxe6 fxe6 12. Ne2 b4 13. Nf4 Nf8 {this obviously
isn't the best move I should have gone Nb6 but I didn't want to block my
queens vision of a5 and I didnt play Qa5 immediately because I was scared of
Nxe6} 14. Nh5 Qa5 {goofy move which I decided to play} 15. Nxg7+ Kf7 16. Bh6
Qxa2 17. Qf4+ Kg8 {Somehow this is better for me even though my king is in the
open and there are pieces around it} 18. Kd2 (18. Ng5 Bxg5 19. Qxg5 c3 20.
Nxe6+ Ng6) 18... Ng6 19. Qg3 Bf8 {Almost wins a piece but not quite} 20. h4
Bxg7 21. Bxg7 Kxg7 22. h5 Bd7 23. hxg6 h6 24. Ng5 {Obviously
taking the knight here is bad} Qxb2 (
24... hxg5) 25. Nf7 Qxd4+ 26. Kc1 Qa1+ 27. Kd2 Qc3+ 28. Qxc3 bxc3+ 29. Kxc3 {
I thought this endgame was probably nice for me} Rhf8
30. Bxc4 {I didn't see this move but it doesn't change my plan in any way}
Kxg6 31. Nxh6 Nxe5 32. Bd3+ Kf6 33. Kd4 Nxd3 34. cxd3 Ke7 35. Ke3 {Ke3
allowing e5 seems inaccurate} e5 36. Rh5 Kd6 37. Rg5 Rf4 {this was so bad why
didn't I just play Rf6 as I originally intended} 38. Rg6+ Ke7 39. Rg7+ Ke6 40.
Rc1 Rc8 41. Rg6+ Rf6 42. Rxf6+ Kxf6 43. Rxc8 Bxc8 {Thomas had almost no
time on the clock so he went into this and thought trading both pairs of rooks
would give him best drawing chances but he failed to realise his knight is
just trapped here} 44. g4 Be6 45. d4 Kg6 {White resigns} 0-1

[Event "Wellington Club Championship - A Grade"]
[Site "Wellington Chess Club"]
[Date "2023.12.07"]
[Round "3.2"]
[White "Timergazi, Layla"]
[Black "Archer, Ollie"]
[Result "0-1"]
[WhiteElo "2137"]
[BlackElo "2158"]
[PlyCount "64"]
[EventDate "2023.09.26"]

1. d4 d5 2. c4 e6 3. Nc3 Nf6 4. Nf3 Nbd7 5. g3 dxc4 6. Bg2 Rb8 7. Qa4 a6 8.
Qxc4 b5 9. Qd3 Bb7 10. a3 c5 11. O-O cxd4 12. Nxd4 Bxg2 13. Kxg2 Qb6 14. Rd1
Be7 15. Nf3 O-O 16. e4 Rfd8 17. Qe2 Nc5 18. Be3 Qb7 19. Bxc5 Bxc5 20. e5 Nd7
21. Ne4 Be7 22. Kg1 Nb6 23. Nfg5 Rxd1+ 24. Rxd1 h6 25. Nf3 Nd5 26. Nd4 Qc7 27.
Qg4 Rb6 28. Nf3 Qc2 29. Rd2 Qb1+ 30. Kg2 h5 31. Nf6+ Bxf6 32. Qxh5 Be7 0-1

[Event "Wellington Club Championship - A Grade"]
[Site "Wellington Chess Club"]
[Date "2023.12.07"]
[Round "7.5"]
[White "Langford, Josh"]
[Black "Young, Cohen"]
[Result "1-0"]
[WhiteElo "2137"]
[BlackElo "2099"]

1. e4 e6 2. d4 d5 3. e5 c5 4. c3 Nc6 5. Nf3 Qb6 6. Bd3 cxd4 7. O-O Bd7 8. Re1
Nge7 9. h4 O-O-O 10. cxd4 Nxd4 11. Nxd4 Qxd4 12. Na3 Qb6 13. Be3 Qa5 14. Rc1+
Nc6 15. Nb5 Kb8 16. a3 Rc8 17. b4 Qd8 18. Rxc6 Bxc6 19. Bxa7+ 1-0

[Event "Wellington Club Championship - B Grade"]
[Site "Wellington Chess Club"]
[Date "2023.09.28"]
[Round "1.1"]
[White "Loke, Kayden"]
[Black "Sethuramalingam, Karthik"]
[Result "1-0"]
[WhiteElo "2045"]
[BlackElo "1730"]

1. c4 e6 2. g3 d5 3. Bg2 Nf6 4. Nf3 Be7 5. O-O d4 6. d3 O-O 7. e3 c5 8. exd4
cxd4 9. a3 a5 10. b3 Nc6 11. Bb2 e5 12. Re1 Bd6 13. Ng5 Re8 14. Nd2 h6 15. Nge4
Nxe4 16. Bxe4 f5 17. Bd5+ Be6 18. f4 Qf6 19. Bxc6 bxc6 20. fxe5 Bxe5 21. Nf3
Bd7 22. Rxe5 Rxe5 23. Bxd4 1-0

[Event "Wellington Club Championship - B Grade"]
[Site "Wellington Chess Club"]
[Date "2023.09.28"]
[Round "1.2"]
[White "Sellen, Ian"]
[Black "Rossiter, Philip E"]
[Result "1/2-1/2"]
[WhiteElo "2039"]
[BlackElo "1794"]

1. c4 Nf6 2. Nf3 b6 3. g3 Bb7 4. Bg2 e6 5. O-O Be7 6. d4 O-O 7. Nc3 Ne4 8. Qc2
Nxc3 9. Qxc3 f5 10. Rd1 Bf6 11. Qb3 Qe7 12. Bd2 d6 13. Rac1 Nd7 14. e3 Kh8 15.
Bc3 Rad8 16. Qc2 Be4 17. Qe2 Ba8 18. Ne1 Bxg2 19. Nxg2 e5 20. Qf3 exd4 21. exd4
Qe4 22. Qxe4 fxe4 23. Re1 Rde8 24. Ne3 c5 25. Rcd1 cxd4 26. Bxd4 Bxd4 27. Rxd4
Ne5 28. Rxd6 Nf3+ 29. Kf1 Nxe1 30. Kxe1 Rd8 31. Rxd8 Rxd8 32. Ke2 Kg8 33. Nd5
b5 34. Ne7+ Kf7 35. Nc6 Rd6 36. cxb5 a6 37. a4 axb5 38. axb5 Ke6 39. Ke3 Kd5
40. Ne7+ Ke5 41. Nc6+ Kd5 1/2-1/2

[Event "Wellington Club Championship - B Grade"]
[Site "Wellington Chess Club"]
[Date "2023.09.28"]
[Round "1.3"]
[White "Benitez, Edgar"]
[Black "Malcolm, Aidan"]
[Result "1-0"]
[WhiteElo "1903"]
[BlackElo "1831"]

1. d4 d5 2. Bf4 Nf6 3. e3 c5 4. Nf3 Nc6 5. Bb5 Qa5+ 6. Nc3 Ne4 7. O-O Nxc3 8.
Bxc6+ bxc6 9. bxc3 Qxc3 10. Ne5 Ba6 11. Re1 Rc8 12. Rb1 g6 13. Rb3 Qa5 14. Qb1
Bg7 15. h3 O-O 16. Nd7 c4 17. Rb4 Rfe8 18. c3 e5 19. Bg3 exd4 20. exd4 Qa3 21.
Rc1 Re2 22. Rb8 Bh6 23. Rd1 Qxc3 24. Rxc8+ Bxc8 25. Qb8 Re1+ 26. Rxe1 Qxe1+ 27.
Kh2 Qe7 28. Qxc8+ 1-0

[Event "Wellington Club Championship - B Grade"]
[Site "Wellington Chess Club"]
[Date "2023.09.28"]
[Round "1.5"]
[White "Jackson, Ross"]
[Black "Moses, Christopher"]
[Result "1-0"]
[WhiteElo "1925"]
[BlackElo "1879"]

1. d4 d5 2. c4 e6 3. Nc3 Nf6 4. cxd5 exd5 5. Bg5 Be7 6. e3 c6 7. Bd3 O-O 8. Qc2
Nbd7 9. Nf3 Re8 10. O-O Nf8 11. a3 Ng6 12. b4 Ne4 13. Bxe7 Qxe7 14. b5 Nxc3 15.
Qxc3 Bg4 16. Nd2 Rac8 17. bxc6 Nh4 18. Qb3 bxc6 19. Rfe1 Qg5 20. f4 Qh5 21. Bf1
Re6 22. e4 Rh6 23. h3 dxe4 24. Rxe4 Be6 25. Qd1 Qg6 26. Qe1 f5 27. Rxe6 Nf3+
28. Nxf3 Qxe6 29. Qxe6+ Rxe6 30. Bc4 1-0

[Event "Wellington Club Championship - B Grade"]
[Site "Wellington Chess Club"]
[Date "2023.10.05"]
[Round "2.1"]
[White "Sethuramalingam, Karthik"]
[Black "Moses, Christopher"]
[Result "1-0"]
[WhiteElo "1730"]
[BlackElo "1879"]

1. d4 d5 2. c4 e6 3. Nf3 Nf6 4. g3 Bb4+ 5. Bd2 Be7 6. Bg2 O-O 7. O-O c6 8. Qc2
Nbd7 9. Bf4 Nh5 10. e4 Nxf4 11. gxf4 dxe4 12. Qxe4 Nf6 13. Qe3 Ng4 14. Qc3 a5
15. c5 Nf6 16. Qc2 Nd5 17. Qd2 f6 18. Nc3 Qe8 19. Kh1 Qh5 20. Rfe1 e5 21. Nxd5
cxd5 22. dxe5 Bh3 23. Qxd5+ Kh8 24. Bxh3 Qxh3 25. Rg1 Bxc5 26. Rg3 Qc8 27. Rc1
b6 28. exf6 Rxf6 29. Ne5 Qf8 30. Nd7 Rd6 31. Qb7 Rxd7 32. Qxd7 Rd8 33. Qg4 Bxf2
34. Rg2 Bc5 35. Rf1 Rd4 36. Qg5 Be7 37. Qe5 Bf6 38. Qh5 Qa8 39. Qf3 Qxf3 40.
Rxf3 Rd1+ 41. Rg1 Rxg1+ 42. Kxg1 Bxb2 43. Rd3 h6 44. Kf2 Kh7 45. Rd6 a4 46. Kf3
a3 47. Rxb6 h5 48. f5 Bf6 49. Ra6 Be7 50. Ra7 Bc5 51. Ra5 Bd6 52. h3 Bb4 53.
Ra7 Kh6 54. Rf7 Bc3 55. Ke4 Kg5 56. Rb7 g6 57. fxg6 Kxg6 58. Rb5 Bf6 59. Kd3 h4
60. Rb6 Kf5 61. Ke3 Bg5+ 62. Kf3 Be7 63. Rb5+ Ke6 64. Kg4 Kd6 65. Rb7 Bf6 66.
Ra7 1-0

[Event "Wellington Club Championship - B Grade"]
[Site "Wellington Chess Club"]
[Date "2023.10.05"]
[Round "2.3"]
[White "Malcolm, Aidan"]
[Black "Tanoi, Edward"]
[Result "0-1"]
[WhiteElo "1831"]
[BlackElo "1934"]

1. d4 g6 2. e4 Bg7 3. Nc3 d6 4. Bc4 a6 5. f4 Nd7 6. Nf3 h6 7. e5 Nb6 8. Bd3 d5
9. O-O Bg4 10. h3 Bxf3 11. Qxf3 e6 12. a4 Ne7 13. Qf2 Qd7 14. a5 Nbc8 15. Nd1
Nc6 16. c3 N8e7 17. b4 Nf5 18. b5 Nb8 19. bxa6 Nxa6 20. Ba3 Ne7 21. Qh4 Nb8 22.
Bc5 b6 23. Qxe7+ Qxe7 24. Bxe7 Kxe7 25. a6 Ra7 26. Rf2 c6 27. Rfa2 b5 28. Nf2
h5 29. Be2 Nd7 30. Nd3 Kd8 31. Kf2 Kc7 32. Kf3 f6 33. Nc5 Nxc5 34. dxc5 fxe5
35. fxe5 Bxe5 36. Ra3 Rf8+ 37. Ke3 b4 38. cxb4 Bxa1 39. Rxa1 e5 40. Bd3 g5 0-1

[Event "Wellington Club Championship - B Grade"]
[Site "Wellington Chess Club"]
[Date "2023.10.05"]
[Round "2.4"]
[White "Rossiter, Philip E"]
[Black "Benitez, Edgar"]
[Result "0-1"]
[WhiteElo "1794"]
[BlackElo "1903"]

1. c4 Nf6 2. Nc3 e6 3. Nf3 c5 4. e4 d6 5. d4 cxd4 6. Nxd4 Nc6 7. Be2 Be7 8. O-O
O-O 9. Be3 e5 10. Nc2 Be6 11. f3 Nh5 12. Nd5 Bg5 13. Qd2 Bxe3+ 14. Qxe3 Bxd5
15. cxd5 Ne7 16. Rac1 Nf4 17. Rfe1 f5 18. Na3 Neg6 19. Bf1 fxe4 20. fxe4 Rf7
21. Rc2 h6 22. Nb5 a6 23. Na3 Qf6 24. Rf2 Raf8 25. Kh1 Qd8 26. Qd2 Qd7 27. Nc2
Nh5 28. Rxf7 Rxf7 29. Ne3 Nh4 30. Re2 Qa4 31. Kg1 Qxe4 32. Rf2 Rxf2 33. Qxf2
Nf6 34. Qd2 b5 35. a4 Qxa4 36. Qc3 Qf4 37. g3 Qg5 38. Bg2 Nxg2 39. Kxg2 Qh5 40.
Qc8+ Kh7 41. Nf5 Qe2+ 42. Kh3 Qf1+ 0-1

[Event "Wellington Club Championship - B Grade"]
[Site "Wellington Chess Club"]
[Date "2023.10.05"]
[Round "2.5"]
[White "Loke, Kayden"]
[Black "Sellen, Ian"]
[Result "1-0"]
[WhiteElo "2045"]
[BlackElo "2039"]

1. d4 d5 2. Nf3 Nf6 3. Bg5 Ne4 4. Bh4 c6 5. Nbd2 Qa5 6. c3 Nxd2 7. Qxd2 Nd7 8.
e3 f6 9. Bd3 e5 10. dxe5 Nxe5 11. Nxe5 fxe5 12. Qd1 Qc7 13. Qh5+ Qf7 14. Qxe5+
Be7 15. c4 Be6 16. Bxe7 Qxe7 17. cxd5 Bxd5 18. Qxe7+ Kxe7 19. f3 Rae8 20. Kf2
Kf6 21. Rhd1 g6 22. b4 Re7 23. Rd2 Rf8 24. Re1 Kg7 25. Bb1 h5 26. e4 Bc4 27.
Red1 Rff7 28. Rd6 g5 29. R1d4 Be6 30. a4 g4 31. Rxe6 Rxe6 32. Ba2 Ref6 33. Bxf7
Rxf7 34. Kg3 gxf3 35. gxf3 Kf6 36. Rd6+ Ke5 37. Rh6 Kd4 38. Rxh5 Kc4 39. b5 c5
40. Rf5 Rg7+ 41. Kf4 Kb4 42. Rf8 c4 43. Rc8 c3 44. Ke5 Kxa4 45. Rxc3 Kxb5 46.
f4 a5 47. f5 Kb4 48. Rc1 a4 49. f6 Rh7 50. Ke6 Rxh2 51. f7 Rf2 52. Rb1+ Kc3 53.
Rxb7 a3 54. e5 a2 55. Ra7 Kb2 56. Ke7 Rf3 57. e6 Ra3 58. Rxa3 Kxa3 59. f8=R 1-0

[Event "Wellington Club Championship - B Grade"]
[Site "Wellington Chess Club"]
[Date "2023.10.12"]
[Round "3.1"]
[White "Sellen, Ian"]
[Black "Sethuramalingam, Karthik"]
[Result "1-0"]
[WhiteElo "2039"]
[BlackElo "1730"]

1. c4 e6 {Opening: A13: English Opening, Agincourt Defense} 2. e3 d5 3. Nf3 Nf6
4. b3 Bb4 5. Nc3 dxc4 6. Bxc4 Bxc3 7. dxc3 Qxd1+ 8. Kxd1 Ne4 9. Ke1 Nxc3 10.
Bb2 Ne4 11. Bxg7 Rg8 12. Be5 Rxg2 13. Bg3 e5 14. Nxe5 Bf5 15. Bxf7+ Ke7 16. Bh5
Ng5 17. Nf3 Ne4 18. Nh4 Nxf2 19. Nxf5+ Kf6 20. Bxf2 Rg8 21. Nd4 Nd7 22. Ke2 Ne5
23. Bh4+ Kg7 24. Nf5+ Kf8 25. Be7# 1-0

[Event "Wellington Club Championship - B Grade"]
[Site "Wellington Chess Club"]
[Date "2023.10.12"]
[Round "3.2"]
[White "Benitez, Edgar"]
[Black "Loke, Kayden"]
[Result "1/2-1/2"]
[WhiteElo "1903"]
[BlackElo "2045"]

1. e4 e5 2. Nf3 Nf6 3. Nxe5 d6 4. Nf3 Nxe4 5. d3 Nf6 6. Be2 d5 7. d4 Bd6 8. Bg5
Be6 9. Nbd2 Nbd7 10. c4 dxc4 11. Bxc4 Bxc4 12. Nxc4 Qe7+ 13. Qe2 Bb4+ 14. Kf1
Qxe2+ 15. Kxe2 h6 16. Be3 Nb6 17. Nxb6 axb6 18. Rhc1 O-O-O 19. Ne5 Rhf8 20. Rc4
Bd6 21. h3 Nd5 22. Rac1 c6 23. a3 Bxe5 24. dxe5 Nxe3 25. Kxe3 Rd5 26. f4 Rfd8
27. R4c3 h5 28. R1c2 g5 29. g3 h4 30. gxh4 gxf4+ 31. Kxf4 Rd4+ 32. Kf5 Rxh4 33.
Rg2 Rh5+ 34. Rg5 Rdh8 35. Rxh5 Rxh5+ 36. Kf6 Kd7 37. Kxf7 Rxe5 38. h4 Re2 39.
Rd3+ Kc7 40. Rh3 Rxb2 41. h5 Rf2+ 42. Kg7 Rg2+ 43. Kf7 Rf2+ 44. Kg7 1/2-1/2